Famous Sidekicks Quiz Stats

 Plays Quiz not verified by Sporcle

Support Sporcle.
Go Orange.
Score 0/35 Timer 20:00
0 Plays Today
Characters Sidekick % Correct
BatmanRobin
94.6%
StarskyHutch
68.5%
BeavisButthead
66.3%
Fred FlintstoneBarney Rubble
65.2%
Sherlock HolmesDoctor John Watson
65.2%
RenStimpy
60.9%
MarioLuigi
59.8%
TomJerry
57.6%
SnoopyWoodstock
57.6%
Han SoloChewbacca
52.2%
GarfieldOdie
51.1%
Harry PotterRon Weasley
43.5%
SonicTails
28.3%
Ash KatchumPikachu
27.2%
Donkey KongDiddy Kong
26.1%
FryBender
26.1%
RatchetClank
20.7%
BanjoKazooie
15.2%
Characters Sidekick % Correct
Bart SimpsonMilhouse Van Houten
12%
FanboyChum Chum
10.9%
MogliBalu
9.8%
JakDaxter
9.8%
SamMax
5.4%
Bob EsponjaPatrick
5.4%
LinkEpona
5.4%
Yugi MotoJoey Wheeler
5.4%
DougSkitter
4.3%
ShrekBurro
3.3%
Capitão GanchoSmee
2.2%
BambiTambor
1.1%
PinkyCérebro
1.1%
ComichãoCoçadinha
1.1%
Zé ColméiaCatatau
1.1%
Tartaruga TouchêDum Dum
1.1%
CoopDennis
1.1%

You're not logged in!

Compare scores with friends on all Sporcle quizzes.
OR
Log In

From the Vault

A Feast for Crows: Most Mentioned Characters

by maxvroom

Here's something to think about while you wait for 'Winds of Winter'.
Remove Ads.
Support Sporcle.
Get the best of Sporcle when you Go Orange. This ad-free experience offers more features, more stats, and more fun while also helping to support Sporcle. Thank you for becoming a member.

Show Comments

Extras

Top Quizzes Today


Score Distribution

Your Account Isn't Verified!

In order to create a playlist on Sporcle, you need to verify the email address you used during registration. Go to your Sporcle Settings to finish the process.

Report this User

Report this user for behavior that violates our Community Guidelines.

Details: